Estadísticas para Clasificación histórica Conference League

Haz click aquí para intentar la prueba.

Estadísticas generales

  • Esta prueba ha sido intentada 16 veces
  • La puntuación promedio es 11 de 20

Estadísticas de respuestas

PosiciónPaísPuntosClub% Correcto
10ºItalia27A.S. Roma
100%
Italia39A.C.F. Fiorentina
88%
Inglaterra37West Ham United F.C.
88%
Países Bajos42A.Z. Alkmaar
81%
Países Bajos28Feyenoord Rotterdam
75%
Suiza37F.C. Basilea
56%
11ºRepública Checa26S.K. Slavia Praga
56%
19ºDinamarca16F.C. Copenhague
50%
Noruega33F.K. Bodø/Glimt
50%
13ºPolonia22Lech Poznań
50%
16ºIsrael18Maccabi Tel Aviv F.C.
50%
Grecia30PAOK de Salónica F.C.
50%
15ºFrancia19Olympique de Marsella
44%
12ºSerbia26Partizán de Belgrado
44%
Eslovaquia28Š.K. Slovan Bratislava
44%
20ºFrancia16O.G.C. Nice
38%
Bélgica39K.A.A. Gante
31%
17ºBélgica18R.S.C. Anderlecht
31%
18ºFrancia17Stade Rennes F.C.
31%
14ºAustria19LASK
19%

Distribución de puntuación

Porcentaje por número respondido

Porcentaje de gente con cada puntuación

Historial de tus puntuaciones

No has intentado esta prueba.